WM Kader 2022 Frankreich - Statistiken

Allgemein
  • Dieses Quiz wurde 386 mal gespielt
  • Das Durchschnittsergebnis liegt bei 18 aus 25
Antwortstatistiken
Position NR. Verein Antwort % Korrekt
ST 10 Paris Saint-Germain Kylian Mbappe
97%
GK 1 Tottenham Hugo Lloris
95%
ST 7 Atletico Madrid Antoine Griezmann
90%
DF 18 Bayern München Dayot Upamecano
89%
ST 9 AC Milan Olivier Giroud
88%
DF 22 AC Milan Theo Hernandez
87%
DF 21 Bayern München Lucas Hernandez
86%
ST 20 Bayern München Kingsley Coman
84%
ST 26 Bor. Mönchengladbach Marcus Thuram
84%
MF 25 Real Madrid Eduardo Camavinga
83%
ST 11 Barcelona Ousmane Dembele
82%
ST 12 Eintracht Frankfurt Randal Kolo Muani
81%
GK 23 West Ham Alphonse Areola
78%
MF 8 Real Madrid Aurelien Tchouameni
78%
DF 24 Liverpool Ibrahima Konate
78%
DF 2 Bayern München Benjamin Pavard
77%
DF 5 Barcelona Jules Kounde
76%
MF 14 Juventus Adrien Rabiot
74%
DF 17 Arsenal William Saliba
74%
DF 4 Manchester United Raphael Varane
65%
GK 16 Stade Rennais Steve Mandanda
39%
MF 13 AS Monaco Youssouf Fofana
31%
MF 6 OL Marseilles Matteo Guendouzi
23%
DF 3 AS Monaco Alex Disasi
20%
MF 15 OL Marseilles Jordan Veretout
14%
Keine übereinstimmenden Quizze gefunden
Verteilung der Resultate
Anzahl Personen mit jedem Resultat
Perzentil nach korrekt beantworteten Fragen
Ihre Resultats-Entwicklung
Sie haben dieses Quiz noch nicht gespielt